| 000 | 00522nam a2200169Ia 4500 | ||
|---|---|---|---|
| 003 | GCL | ||
| 008 | 140319s9999 xx 000 0 ara d | ||
| 040 |
_aGCL / _cGCL |
||
| 082 | 0 | 4 |
_a296.1207 _bس ع |
| 100 | 1 | _aسعدالدين السيد صالح | |
| 245 | 1 | 0 |
_aالعقيدة اليهودية وخطرها على الانسانية / _cسعدالدين السيد صالح |
| 260 |
_a[S.N] : _bدار الصفا ، _c1990 |
||
| 300 | _a320 | ||
| 490 | _a | ||
| 650 | 0 | 4 | _aالدين اليهودى |
| 942 |
_2ddc _cBK |
||
| 999 |
_c54793 _d54793 |
||